Telecommunications technology handbook / (Record no. 175828)
[ view plain ]
| 000 -LEADER | |
|---|---|
| fixed length control field | 01298 a2200229 4500 |
| 003 - CONTROL NUMBER IDENTIFIER | |
| control field | Nust |
| 005 - DATE AND TIME OF LATEST TRANSACTION | |
| control field | 20220816104532.0 |
| 010 ## - LIBRARY OF CONGRESS CONTROL NUMBER | |
| LC control number | 2003057716 |
| 020 ## - INTERNATIONAL STANDARD BOOK NUMBER | |
| International Standard Book Number | 1580535283 (alk. paper) |
| 040 ## - CATALOGING SOURCE | |
| Transcribing agency | Nust |
| 082 00 - DEWEY DECIMAL CLASSIFICATION NUMBER | |
| Classification number | 621.382,MIN |
| 100 1# - MAIN ENTRY--PERSONAL NAME | |
| Personal name | Minoli, Daniel, |
| 9 (RLIN) | 68270 |
| 245 10 - TITLE STATEMENT | |
| Title | Telecommunications technology handbook / |
| Statement of responsibility, etc. | Daniel Minoli. |
| 250 ## - EDITION STATEMENT | |
| Edition statement | 2nd ed. |
| 260 ## - PUBLICATION, DISTRIBUTION, ETC. | |
| Place of publication, distribution, etc. | Boston, MA : |
| Name of publisher, distributor, etc. | Artech House, |
| Date of publication, distribution, etc. | 2003. |
| 300 ## - PHYSICAL DESCRIPTION | |
| Extent | xvi, 785 p. : |
| Other physical details | ill. ; |
| Dimensions | 28 cm. |
| 440 #0 - SERIES STATEMENT/ADDED ENTRY--TITLE | |
| Title | Artech House telecommunications library |
| 9 (RLIN) | 94181 |
| 505 ## - FORMATTED CONTENTS NOTE | |
| Formatted contents note | Introduction and overview (Page-1), Optics technologies (Page-41), All optical networks (Page-69), Intelligent optical networks and GMPLS (Page-99), Dense and coarse WDM (Page-133), SONET and SDH (Page-175), Next generation SONET, GFP, and ether net over SONET (Page-221), Wireless technologies: WPAN,WLAN and WWAN (Page-245), WAN data services and technologies (Page-339), Moving beyond T1:multilink FR and other approaches (Page-483), Broad band LAN technologies (Page-497), Transparent LAN services (Page-581), Digital video and multimedia technologies and applications (Page-643), Index (Page-761). |
| 650 #0 - SUBJECT ADDED ENTRY--TOPICAL TERM | |
| Topical term or geographic name entry element | Telecommunication Engineering. |
| 856 42 - ELECTRONIC LOCATION AND ACCESS | |
| Materials specified | Book review (E-STREAMS) |
| Uniform Resource Identifier | <a href="http://www.e-streams.com/es0703/es0703_3086.html">http://www.e-streams.com/es0703/es0703_3086.html</a> |
| 942 ## - ADDED ENTRY ELEMENTS (KOHA) | |
| Koha item type | Reference |
| Source of classification or shelving scheme | |
| Withdrawn status | Lost status | Source of classification or shelving scheme | Damaged status | Not for loan | Collection code | Permanent Location | Current Location | Date acquired | Total Checkouts | Full call number | Barcode | Date last seen | Price effective from | Koha item type |
|---|---|---|---|---|---|---|---|---|---|---|---|---|---|---|
| Military College of Signals (MCS) | Military College of Signals (MCS) | 12/12/2016 | 621.382 MIN | MCS31258 | 12/08/2016 | 12/12/2016 | Book |
